[Event "77 España ch 2012"]
[Site "Maspalomas ESP"]
[Date "2012.09.29"]
[Round "1.31"]
[White "Menendez Rey, Francisco Javier"]
[Black "Guerrero Orihuela, Jose Luis"]
[Result "1-0"]
[WhiteElo "2229"]
[BlackElo "1562"]
[PlyCount "51"]
[EventDate "2012.09.29"]
[EventType "swiss"]
[EventRounds "9"]
[EventCountry "ESP"]
[Source "lmi"]
[SourceDate "2012.09.29"]

1. d4 Nf6 2. Nc3 d5 3. Bg5 Nbd7 4. Nf3 e6 5. e4 dxe4 6. Nxe4 Be7 7. Nxf6+ Nxf6
8. Bd3 O-O 9. Qe2 b6 10. Bxf6 Bxf6 11. Qe4 g6 12. Qxa8 Bxd4 13. Nxd4 Qxd4 14.
O-O Qxb2 15. Qxa7 Qc3 16. Qa4 Bb7 17. Qc4 Qe5 18. Rae1 Qd6 19. Be4 c6 20. Rd1
Qc7 21. Qc3 Ba6 22. Rfe1 c5 23. Qf6 Bb5 24. h4 h5 25. Re3 Kh7 26. Bxg6+ 1-0

[Event "77 España ch 2012"]
[Site "Maspalomas ESP"]
[Date "2012.09.29"]
[Round "1.32"]
[White "Aleman Alamo, Nicolas"]
[Black "Angel Acosta, Juan Carlos"]
[Result "0-1"]
[WhiteElo "1549"]
[BlackElo "2225"]
[PlyCount "96"]
[EventDate "2012.09.29"]
[EventType "swiss"]
[EventRounds "9"]
[EventCountry "ESP"]
[Source "lmi"]
[SourceDate "2012.09.29"]

1. d4 Nf6 2. c4 e6 3. Nc3 Bb4 4. Qc2 d5 5. a3 Be7 6. Nf3 c6 7. e3 Nbd7 8. Be2
O-O 9. O-O b6 10. b3 Bb7 11. Bb2 Rc8 12. Rfd1 Qc7 13. Qd2 Rfd8 14. Rac1 Qb8 15.
h3 c5 16. cxd5 exd5 17. Qe1 a6 18. Qf1 b5 19. Nb1 c4 20. b4 Bd6 21. Nc3 Re8 22.
Re1 Ne4 23. Bd1 f5 24. g3 Re6 25. Nxe4 fxe4 26. Nh4 Nf6 27. Nf5 Bf8 28. g4 g6
29. Nh4 Rce8 30. g5 Nd7 31. Bg4 R6e7 32. Ng2 Bg7 33. h4 Bc8 34. Qe2 Nf8 35. Nf4
Qd6 36. h5 Rf7 37. Kg2 Bf5 38. Rh1 Ne6 39. Bxf5 Rxf5 40. Nxe6 Qxe6 41. Rcg1 Rf3
42. Kf1 Qf5 43. Rg2 Bf8 44. hxg6 hxg6 45. Rh4 Bd6 46. Rg1 Rf8 47. Rg2 Bg3 48.
Rf4 Bxf4 0-1

[Event "77 España ch 2012"]
[Site "Maspalomas ESP"]
[Date "2012.09.29"]
[Round "1.34"]
[White "Biscarri Candalia, Oscar"]
[Black "Vega Gutierrez, Belinda"]
[Result "0-1"]
[WhiteElo "1531"]
[BlackElo "2206"]
[PlyCount "49"]
[EventDate "2012.09.29"]
[EventType "swiss"]
[EventRounds "9"]
[EventCountry "ESP"]
[Source "lmi"]
[SourceDate "2012.09.29"]

1. d4 Nf6 2. c4 g6 3. Qc2 Bg7 4. Nf3 d6 5. Nc3 O-O 6. e4 Bg4 7. Be2 Nc6 8. Be3
Nd7 9. Qd2 e5 10. d5 Ne7 11. Ng1 Bxe2 12. Ngxe2 f5 13. f4 fxe4 14. Nxe4 Nf5 15.
Ng5 Nxe3 16. Qxe3 exf4 17. Qe6+ Kh8 18. Nf7+ Rxf7 19. Qxf7 Ne5 20. Qe6 Qh4+ 21.
Kd1 f3 22. gxf3 Qxc4 23. f4 Nd3 24. Kd2 Nc5 25. Rad1 0-1

[Event "77 España ch 2012"]
[Site "Maspalomas ESP"]
[Date "2012.09.29"]
[Round "1.35"]
[White "Nicolas Zapata, Irene"]
[Black "Suarez Ramirez, Jonay"]
[Result "1-0"]
[WhiteElo "2193"]
[BlackElo "1523"]
[PlyCount "75"]
[EventDate "2012.09.29"]
[EventType "swiss"]
[EventRounds "9"]
[EventCountry "ESP"]
[Source "lmi"]
[SourceDate "2012.09.29"]

1. Nf3 c5 2. c4 Nc6 3. g3 g6 4. d4 cxd4 5. Nxd4 Bg7 6. Nc2 Nf6 7. Bg2 O-O 8.
O-O d6 9. Nc3 Bd7 10. Nd5 Rc8 11. Bd2 Nxd5 12. cxd5 Ne5 13. Bc3 Bg4 14. h3 Bf5
15. e4 Bd7 16. a4 a6 17. Kh2 Rc4 18. f4 Ng4+ 19. hxg4 Bxc3 20. bxc3 Rxc3 21.
Nd4 Re8 22. a5 Qc8 23. Rc1 Rxc1 24. Qxc1 Bxg4 25. Qxc8 Rxc8 26. Bf3 Bxf3 27.
Nxf3 Rc4 28. e5 dxe5 29. fxe5 Rc3 30. Rd1 Rc8 31. Kg2 Rd8 32. Kf2 Kf8 33. Ke3
e6 34. d6 Rd7 35. Rc1 Ke8 36. Rc8+ Rd8 37. Rxd8+ Kxd8 38. Ng5 1-0

[Event "77 España ch 2012"]
[Site "Maspalomas ESP"]
[Date "2012.09.29"]
[Round "1.36"]
[White "Morales Sanchez, Domingo"]
[Black "Zamarbide Inarrea, Daniel"]
[Result "0-1"]
[WhiteElo "1512"]
[BlackElo "2192"]
[PlyCount "65"]
[EventDate "2012.09.29"]
[EventType "swiss"]
[EventRounds "9"]
[EventCountry "ESP"]
[Source "lmi"]
[SourceDate "2012.09.29"]

1. c4 e5 2. Nc3 Nf6 3. d3 Bb4 4. Bd2 O-O 5. g3 Re8 6. Bg2 c6 7. a3 Bf8 8. Nf3
h6 9. O-O d5 10. cxd5 cxd5 11. e3 Nc6 12. Rc1 Bf5 13. Qc2 Rc8 14. Ne1 d4 15.
Ne4 Nd5 16. Qd1 Qb6 17. Qf3 Be6 18. g4 Be7 19. b4 a5 20. Nc5 axb4 21. Nxe6 fxe6
22. e4 Rf8 23. Qe2 Nc3 24. Bxc3 dxc3 25. axb4 Nd4 26. Qa2 Bg5 27. Rb1 c2 28.
Nxc2 Rxc2 29. Rb2 Ne2+ 30. Kh1 Rxb2 31. Qxb2 Rxf2 32. Qxe5 Rxf1+ 33. Bxf1 0-1

[Event "77 España ch 2012"]
[Site "Maspalomas ESP"]
[Date "2012.09.29"]
[Round "1.37"]
[White "Ramos Aguilar, Jose Manuel"]
[Black "Bordon Sanchez, Jose Domingo"]
[Result "1-0"]
[WhiteElo "2183"]
[BlackElo "1473"]
[PlyCount "55"]
[EventDate "2012.09.29"]
[EventType "swiss"]
[EventRounds "9"]
[EventCountry "ESP"]
[Source "lmi"]
[SourceDate "2012.09.29"]

1. d4 d5 2. c4 dxc4 3. e3 Nf6 4. Bxc4 Bg4 5. Qb3 e6 6. Qxb7 Nbd7 7. Nc3 Be7 8.
Nge2 Bxe2 9. Bxe2 O-O 10. O-O e5 11. Bf3 Rb8 12. Qxa7 exd4 13. exd4 Re8 14. Qa5
Nb6 15. Bf4 Bd6 16. Qg5 Bxf4 17. Qxf4 Nc4 18. b3 Nd6 19. Rac1 g6 20. g3 h5 21.
Nd5 Nxd5 22. Bxd5 Re7 23. Bf3 Kg7 24. Rc5 Qh8 25. Re5 Nf5 26. Rxe7 Nxe7 27.
Qe5+ Kg8 28. Qxe7 1-0

[Event "77 España ch 2012"]
[Site "Maspalomas ESP"]
[Date "2012.09.29"]
[Round "1.38"]
[White "Ruiz Macias, Anabel"]
[Black "Cuenca Jimenez, Francisco Javi"]
[Result "0-1"]
[WhiteElo "1455"]
[BlackElo "2177"]
[PlyCount "84"]
[EventDate "2012.09.29"]
[EventType "swiss"]
[EventRounds "9"]
[EventCountry "ESP"]
[Source "lmi"]
[SourceDate "2012.09.29"]

1. e4 d5 2. exd5 Nf6 3. Nf3 Qxd5 4. Nc3 Qd8 5. d4 Bg4 6. Be2 e6 7. O-O Be7 8.
Bf4 O-O 9. Re1 Nc6 10. h3 Bxf3 11. Bxf3 Nxd4 12. Be5 Nxf3+ 13. Qxf3 c6 14. Ne4
Nxe4 15. Qxe4 f6 16. Bc3 e5 17. Kh1 Qd5 18. f4 Qxe4 19. Rxe4 Rae8 20. Rae1 Bd6
21. f5 Rd8 22. g4 Kf7 23. Kg2 Bc5 24. b4 Bb6 25. a4 a6 26. a5 Ba7 27. h4 Rd5
28. R1e2 Rfd8 29. Kg3 Rd1 30. Re1 Rxe1 31. Bxe1 g6 32. g5 gxf5 33. Re2 fxg5 34.
hxg5 Rd5 35. Kh3 Bb8 36. Bc3 Bc7 37. Kh4 Kg6 38. Bb2 e4 39. c4 Rd1 40. Re3 Bf4
41. Rb3 e3 42. Bc3 Rh1# 0-1

[Event "77 España ch 2012"]
[Site "Maspalomas ESP"]
[Date "2012.09.29"]
[Round "1.39"]
[White "Martin Hernandez, Ruben"]
[Black "Salcedo Izquierdo, Rafael"]
[Result "1-0"]
[WhiteElo "2171"]
[BlackElo "1445"]
[PlyCount "59"]
[EventDate "2012.09.29"]
[EventType "swiss"]
[EventRounds "9"]
[EventCountry "ESP"]
[Source "lmi"]
[SourceDate "2012.09.29"]

1. e4 c5 2. Nf3 d6 3. d4 cxd4 4. Nxd4 Nc6 5. Nc3 Nf6 6. Bg5 e5 7. Nf5 Bxf5 8.
exf5 Be7 9. g4 a6 10. Bg2 Qb6 11. O-O h5 12. Bxf6 Bxf6 13. Nd5 Qd8 14. c3 hxg4
15. Qxg4 Rh4 16. Qg3 Rh5 17. f4 exf4 18. Rxf4 Be5 19. Qf3 Rh6 20. Re4 Kf8 21.
h3 Qa5 22. Rg4 Re8 23. a4 f6 24. b4 Qd8 25. Rc4 Ne7 26. Nc7 Qd7 27. Ne6+ Kf7
28. Rc7 Qc6 29. Rxc6 bxc6 30. Nc7 1-0

[Event "77 España ch 2012"]
[Site "Maspalomas ESP"]
[Date "2012.09.29"]
[Round "1.40"]
[White "Haarkotter Martin, Michael"]
[Black "Trujillo Alvarado, Ivan"]
[Result "0-1"]
[WhiteElo "1430"]
[BlackElo "2151"]
[PlyCount "52"]
[EventDate "2012.09.29"]
[EventType "swiss"]
[EventRounds "9"]
[EventCountry "ESP"]
[Source "lmi"]
[SourceDate "2012.09.29"]

1. e4 c5 2. Nf3 e6 3. Nc3 Nc6 4. Bb5 Nge7 5. d4 cxd4 6. Nxd4 Nxd4 7. Qxd4 a6 8.
Be2 Nc6 9. Qd1 Bc5 10. a3 O-O 11. O-O b5 12. b4 Bd4 13. Bb2 Qf6 14. Qd2 Bb7 15.
Rad1 Rfd8 16. Qd3 Rac8 17. Ba1 d6 18. Na2 Bxa1 19. Rxa1 Ne5 20. Qd2 Bxe4 21.
Nc3 Bb7 22. Rad1 Nc4 23. Bxc4 Rxc4 24. Ne2 Qg6 25. Ng3 h5 26. Qf4 Rxf4 0-1

[Event "77 España ch 2012"]
[Site "Maspalomas ESP"]
[Date "2012.09.29"]
[Round "1.41"]
[White "Menvielle Laccourreye, Augusto"]
[Black "Sanabria Taskila, Daniel Krist"]
[Result "1-0"]
[WhiteElo "2133"]
[BlackElo "1429"]
[PlyCount "59"]
[EventDate "2012.09.29"]
[EventType "swiss"]
[EventRounds "9"]
[EventCountry "ESP"]
[Source "lmi"]
[SourceDate "2012.09.29"]

1. e4 e5 2. Nf3 Nf6 3. Nc3 Bb4 4. Bc4 h6 5. O-O d6 6. d4 Qe7 7. dxe5 dxe5 8.
Nd5 Nxd5 9. Qxd5 Bd6 10. Be3 c6 11. Qd2 Bc5 12. Bxc5 Qxc5 13. Qc3 Nd7 14. Rad1
Qe7 15. Rd2 O-O 16. Rfd1 Re8 17. h3 Nf6 18. Qd3 Be6 19. Nh4 Bxc4 20. Qxc4 Qc7
21. Nf5 b5 22. Qd3 Nh5 23. Qf3 Re6 24. Rd7 Qa5 25. Qxh5 g6 26. Nxh6+ Kf8 27.
Rxf7+ Ke8 28. Qf3 Qb4 29. c3 Qc5 30. b4 1-0

[Event "77 España ch 2012"]
[Site "Maspalomas ESP"]
[Date "2012.09.29"]
[Round "1.42"]
[White "Amador Garcia, Ismael"]
[Black "Navarro Molina, David"]
[Result "0-1"]
[WhiteElo "1427"]
[BlackElo "2122"]
[PlyCount "90"]
[EventDate "2012.09.29"]
[EventType "swiss"]
[EventRounds "9"]
[EventCountry "ESP"]
[Source "lmi"]
[SourceDate "2012.09.29"]

1. e4 c5 2. d4 cxd4 3. c3 dxc3 4. Nxc3 e6 5. Bc4 Nc6 6. Nf3 a6 7. O-O Nge7 8.
Qe2 Ng6 9. Rd1 d6 10. Be3 Be7 11. Rac1 Bd7 12. a3 O-O 13. b4 b5 14. Bb3 Qb8 15.
Nd4 Qb7 16. Nxc6 Bxc6 17. f3 Rfd8 18. Qc2 Rac8 19. Ne2 Bf6 20. Bd4 Bg5 21. Ra1
e5 22. Bf2 d5 23. exd5 Bxd5 24. Qa2 Bxb3 25. Qxb3 Rxd1+ 26. Rxd1 e4 27. Nd4
exf3 28. Nxf3 Bf6 29. Bc5 Ne5 30. Nxe5 Bxe5 31. Qd3 h6 32. Qf5 Qc7 33. h3 g6
34. Qe4 Re8 35. Kh1 Re6 36. Qh4 Kh7 37. Qf2 Bf6 38. Rf1 Qe5 39. Qc2 Kg7 40. Bg1
Qb2 41. Qxb2 Bxb2 42. Rf3 Re1 43. Kh2 Ra1 44. Rb3 Be5+ 45. Kh1 Bd4 0-1

[Event "77 España ch 2012"]
[Site "Maspalomas ESP"]
[Date "2012.09.29"]
[Round "1.43"]
[White "Perez Aleman, Pedro Tomas"]
[Black "Suarez Fleitas, Alberto"]
[Result "1-0"]
[WhiteElo "2110"]
[BlackElo "1426"]
[PlyCount "57"]
[EventDate "2012.09.29"]
[EventType "swiss"]
[EventRounds "9"]
[EventCountry "ESP"]
[Source "lmi"]
[SourceDate "2012.09.29"]

1. e4 c5 2. d4 cxd4 3. c3 dxc3 4. Nxc3 a6 5. Bc4 Nc6 6. Nf3 e6 7. O-O Be7 8.
Qe2 d6 9. Rd1 Qc7 10. Bf4 Nf6 11. e5 dxe5 12. Nxe5 Nxe5 13. Bxe5 Qc6 14. Rac1
O-O 15. Bd3 Qe8 16. Bb1 Bd7 17. Bxf6 Bxf6 18. Qd3 g6 19. Qxd7 Qxd7 20. Rxd7
Rfd8 21. Rxb7 Rac8 22. Rb3 Bg5 23. Rf1 Bf6 24. Be4 Rd2 25. Bb7 Bxc3 26. Bxc8
Bxb2 27. Bxa6 Bf6 28. a4 Ra2 29. Bb5 1-0

[Event "77 España ch 2012"]
[Site "Maspalomas ESP"]
[Date "2012.09.29"]
[Round "1.45"]
[White "Lopez Colon, Francisco"]
[Black "Nicolas Fernandez, Juan Antoni"]
[Result "1-0"]
[WhiteElo "2093"]
[BlackElo "1417"]
[PlyCount "55"]
[EventDate "2012.09.29"]
[EventType "swiss"]
[EventRounds "9"]
[EventCountry "ESP"]
[Source "lmi"]
[SourceDate "2012.09.29"]

1. d4 Nf6 2. c4 e6 3. Nc3 Bb4 4. Qc2 Nc6 5. Nf3 O-O 6. e4 d6 7. e5 dxe5 8. dxe5
Ng4 9. Bf4 Nd4 10. Qe4 Bxc3+ 11. bxc3 Nxf3+ 12. gxf3 f5 13. Qd4 Nh6 14. Bxh6
gxh6 15. Rg1+ Kf7 16. Qf4 Rg8 17. Rxg8 Kxg8 18. Qxh6 Qf8 19. Qg5+ Kf7 20. Rd1
Qe7 21. Qh6 Kg8 22. Bg2 Rb8 23. Bf1 Ra8 24. f4 b6 25. Bg2 Rb8 26. Bc6 Ba6 27.
Rd7 Qf8 28. Qxh7# 1-0

[Event "77 España ch 2012"]
[Site "Maspalomas ESP"]
[Date "2012.09.29"]
[Round "1.46"]
[White "Rodriguez Rodriguez, Eduardo"]
[Black "Rodriguez Melian, Jose Luis"]
[Result "0-1"]
[WhiteElo "1401"]
[BlackElo "2088"]
[PlyCount "66"]
[EventDate "2012.09.29"]
[EventType "swiss"]
[EventRounds "9"]
[EventCountry "ESP"]
[Source "lmi"]
[SourceDate "2012.09.29"]

1. e4 e5 2. Nf3 Nf6 3. Bc4 Nxe4 4. Nxe5 d5 5. Qe2 Be6 6. Bb3 c6 7. O-O Bd6 8.
Nf3 O-O 9. d3 Nc5 10. Nbd2 Re8 11. Re1 Nbd7 12. c3 Nf6 13. Bc2 Bf5 14. Qd1 Bxd3
15. Nf1 Bxc2 16. Rxe8+ Qxe8 17. Qxc2 Nce4 18. Bg5 Ng4 19. Bh4 Bc5 20. Ng5 Nxg5
21. Bxg5 Nxf2 22. Bh4 Nd1+ 23. Kh1 Nf2+ 24. Kg1 Ne4+ 25. Kh1 Qe6 26. Re1 Qg4
27. Bg3 Re8 28. Qc1 Re6 29. b4 Bb6 30. Rd1 Rf6 31. a4 Rxf1+ 32. Rxf1 Nxg3+ 33.
hxg3 Qh5# 0-1

[Event "77 España ch 2012"]
[Site "Maspalomas ESP"]
[Date "2012.09.29"]
[Round "1.47"]
[White "Rodriguez Garcia, Antonio Jose"]
[Black "Ramirez Hernandez, Jose Isidro"]
[Result "1-0"]
[WhiteElo "2087"]
[BlackElo "1397"]
[PlyCount "43"]
[EventDate "2012.09.29"]
[EventType "swiss"]
[EventRounds "9"]
[EventCountry "ESP"]
[Source "lmi"]
[SourceDate "2012.09.29"]

1. e4 c5 2. Nf3 d6 3. d4 cxd4 4. Nxd4 Nf6 5. Nc3 a6 6. Bg5 e5 7. Nb3 Be7 8. Be2
O-O 9. O-O Be6 10. f4 exf4 11. Bxf4 Nc6 12. Kh1 Re8 13. Qe1 Ne5 14. Nd4 Bc4 15.
Nf5 Bxe2 16. Qxe2 Ng6 17. Bg5 h6 18. Nxe7+ Kh7 19. Bxf6 Nxe7 20. Bxe7 Rxe7 21.
Nd5 Rd7 22. Qg4 1-0

[Event "77 España ch 2012"]
[Site "Maspalomas ESP"]
[Date "2012.09.29"]
[Round "1.48"]
[White "Agejas Garcia, Diego"]
[Black "Suarez Gomez, Julio"]
[Result "0-1"]
[WhiteElo "1390"]
[BlackElo "2065"]
[PlyCount "39"]
[EventDate "2012.09.29"]
[EventType "swiss"]
[EventRounds "9"]
[EventCountry "ESP"]
[Source "lmi"]
[SourceDate "2012.09.29"]

1. Nf3 Nf6 2. d4 d5 3. e3 c6 4. c4 e6 5. Nc3 Nbd7 6. b3 Bd6 7. Bd3 Qe7 8. Bb2
O-O 9. O-O dxc4 10. bxc4 e5 11. d5 cxd5 12. cxd5 e4 13. Nxe4 Nxe4 14. Qc2 Ndc5
15. Rad1 Bf5 16. Nd4 Bg6 17. f3 Nxd3 18. Rxd3 Nc5 19. Nf5 Bxf5 20. Qc3 0-1

[Event "77 España ch 2012"]
[Site "Maspalomas ESP"]
[Date "2012.09.29"]
[Round "1.49"]
[White "Alonso Valiente, Alexis"]
[Black "Garcia Cruz, Jose Manuel"]
[Result "1-0"]
[WhiteElo "2049"]
[BlackElo "1368"]
[PlyCount "63"]
[EventDate "2012.09.29"]
[EventType "swiss"]
[EventRounds "9"]
[EventCountry "ESP"]
[Source "lmi"]
[SourceDate "2012.09.29"]

1. d4 d5 2. Nf3 Nf6 3. Bf4 e6 4. e3 b6 5. c3 Ba6 6. Bxa6 Nxa6 7. Qa4+ Nd7 8.
Qxa6 Bd6 9. Bg3 Bxg3 10. hxg3 O-O 11. Qd3 Nf6 12. g4 c5 13. g5 c4 14. Qc2 Ne4
15. Nbd2 g6 16. Nxe4 dxe4 17. Qxe4 Qd5 18. Qh4 h5 19. gxh6 Qh5 20. Qxh5 gxh5
21. Rxh5 Kh7 22. Ke2 f6 23. g4 Rad8 24. g5 fxg5 25. Nxg5+ Kg6 26. Rah1 Rf5 27.
f4 Rh8 28. h7 Rf6 29. Rh6+ Kg7 30. Nxe6+ Kf7 31. Rxf6+ Kxf6 32. Rh6+ 1-0

[Event "77 España ch 2012"]
[Site "Maspalomas ESP"]
[Date "2012.09.29"]
[Round "1.50"]
[White "Gonzalez Acosta, Pablo"]
[Black "Garcia Caballero, Luis"]
[Result "0-1"]
[WhiteElo "1906"]
[BlackElo "2034"]
[PlyCount "54"]
[EventDate "2012.09.29"]
[EventType "swiss"]
[EventRounds "9"]
[EventCountry "ESP"]
[Source "lmi"]
[SourceDate "2012.09.29"]

1. d4 d5 2. Nf3 e6 3. e3 c5 4. c3 Nc6 5. Bd3 Nf6 6. Nbd2 c4 7. Bc2 Bd6 8. e4
Nxe4 9. Nxe4 dxe4 10. Bxe4 Bd7 11. O-O Qc7 12. Qe2 Ne7 13. Re1 O-O 14. Bg5 Nd5
15. Qc2 h6 16. Bh4 Nf4 17. Ne5 f5 18. Bf3 Bxe5 19. Rxe5 Nd3 20. Re3 g5 21. Bg3
f4 22. Rxd3 cxd3 23. Qxd3 Rf6 24. h4 fxg3 25. hxg5 hxg5 26. d5 Qc5 27. Rf1 Bb5
0-1

[Event "77 España ch 2012"]
[Site "Maspalomas ESP"]
[Date "2012.09.29"]
[Round "1.51"]
[White "Morales Quintero, Jose Miguel"]
[Black "Salazar Martin, Jose Maria"]
[Result "1-0"]
[WhiteElo "2012"]
[BlackElo "1855"]
[PlyCount "59"]
[EventDate "2012.09.29"]
[EventType "swiss"]
[EventRounds "9"]
[EventCountry "ESP"]
[Source "lmi"]
[SourceDate "2012.09.29"]

1. c4 f5 2. Nc3 Nf6 3. g3 e5 4. Bg2 Bb4 5. e3 Bxc3 6. bxc3 c6 7. Nf3 d6 8. d4
e4 9. Nd2 O-O 10. O-O Nbd7 11. a4 Ng4 12. Nxe4 fxe4 13. Qxg4 Qe7 14. Qxe4 Qf7
15. Ba3 Nb6 16. Bxd6 Re8 17. Qd3 Nxc4 18. Bf4 Be6 19. a5 Rad8 20. a6 Nb6 21.
axb7 Bc4 22. Qb1 Qxb7 23. Rc1 Qd7 24. Qb4 Be2 25. Qc5 Qg4 26. Rxa7 Nc4 27. Qg5
g6 28. Bxc6 Bf3 29. Qf6 Rd7 30. Rxd7 1-0

[Event "77 España ch 2012"]
[Site "Maspalomas ESP"]
[Date "2012.09.29"]
[Round "1.52"]
[White "Moreno Cameno, Juan Carlos"]
[Black "Gonzalez Intelangelo, Gerardo"]
[Result "0-1"]
[WhiteElo "1686"]
[BlackElo "2010"]
[PlyCount "69"]
[EventDate "2012.09.29"]
[EventType "swiss"]
[EventRounds "9"]
[EventCountry "ESP"]
[Source "lmi"]
[SourceDate "2012.09.29"]

1. e4 e5 2. Nf3 d6 3. d4 Nf6 4. Nc3 Nbd7 5. dxe5 dxe5 6. Bg5 Be7 7. Be3 Bf8 8.
Bg5 Be7 9. Bc1 Bf8 10. Bc4 Be7 11. O-O O-O 12. Bg5 c6 13. Qe2 Qc7 14. Rfd1 Nc5
15. a3 Ne6 16. b4 a5 17. Bxf6 Bxf6 18. b5 Nd4 19. Nxd4 exd4 20. b6 Qxb6 21.
Rab1 Qc7 22. Na2 b5 23. Bd3 Re8 24. g3 Be6 25. Nc1 a4 26. f4 Qd7 27. Qf2 Bg4
28. Re1 Be7 29. f5 Bg5 30. Kg2 Be3 31. Rxe3 dxe3 32. Qxe3 Bxf5 33. Ne2 Bg6 34.
Nf4 Rad8 35. Rd1 0-1

[Event "77 España ch 2012"]
[Site "Maspalomas ESP"]
[Date "2012.09.29"]
[Round "1.53"]
[White "Cruz Pino, Adrian"]
[Black "Ramirez Maillo, Cristian"]
[Result "1-0"]
[WhiteElo "2008"]
[BlackElo "1164"]
[PlyCount "31"]
[EventDate "2012.09.29"]
[EventType "swiss"]
[EventRounds "9"]
[EventCountry "ESP"]
[Source "lmi"]
[SourceDate "2012.09.29"]

1. e4 c5 2. Nf3 d6 3. d4 cxd4 4. Qxd4 Nc6 5. Bb5 Nf6 6. Nc3 g6 7. e5 Nd7 8.
Bxc6 bxc6 9. exd6 exd6 10. Qxh8 Nf6 11. Bg5 Qe7+ 12. Kd1 Kd7 13. Re1 Qd8 14.
Bxf6 Qb6 15. Qxf8 Kc7 16. Bd8+ 1-0

[Event "77 España ch 2012"]
[Site "Maspalomas ESP"]
[Date "2012.09.30"]
[Round "2.1"]
[White "Vega Gutierrez, Belinda"]
[Black "Korneev, Oleg"]
[Result "0-1"]
[WhiteElo "2206"]
[BlackElo "2596"]
[PlyCount "170"]
[EventDate "2012.09.29"]
[EventType "swiss"]
[EventRounds "9"]
[EventCountry "ESP"]
[Source "lmi"]
[SourceDate "2012.09.29"]

1. e4 c5 2. Ne2 e6 3. g3 d5 4. Bg2 dxe4 5. Bxe4 Nf6 6. Bg2 Qc7 7. Nbc3 Bd7 8.
O-O Bc6 9. d4 Bxg2 10. Kxg2 Qc6+ 11. Kg1 Nbd7 12. dxc5 Bxc5 13. Nd4 Qc8 14. Bf4
O-O 15. Nf3 Re8 16. Ne5 Nxe5 17. Bxe5 Nd7 18. Bd6 Bxd6 19. Qxd6 Nb6 20. Rfd1
Nc4 21. Qb4 Qc6 22. Ne2 Ne5 23. Nd4 Qe4 24. Qe1 Qxe1+ 25. Rxe1 Rad8 26. Rxe5
Rxd4 27. Rc5 Rd7 28. a4 f6 29. Ra3 Kf7 30. Rb3 g5 31. h3 b6 32. Rc6 h5 33. Rb5
Ree7 34. a5 bxa5 35. Rxa5 Rc7 36. Rac5 Rxc6 37. Rxc6 Rb7 38. b3 f5 39. Kf1 Kf6
40. Rc5 Rb6 41. Ke2 a6 42. Rc8 g4 43. hxg4 hxg4 44. Rc5 e5 45. Ke3 Ke6 46. Rc8
Ke7 47. Rc7+ Kd6 48. Rf7 Ke6 49. Rc7 a5 50. Rc5 Ra6 51. Rb5 a4 52. bxa4 Rxa4
53. Rb6+ Kd5 54. Rb5+ Kd6 55. Rb6+ Kc5 56. Rf6 Ra3+ 57. Kd2 Rf3 58. Ke2 Kd5 59.
Ra6 e4 60. Ra5+ Ke6 61. Ra6+ Ke5 62. Ra5+ Kf6 63. Ra6+ Ke5 64. Ra5+ Kd4 65.
Ra4+ Kc3 66. Ra2 Kb4 67. Ra8 e3 68. fxe3 Rxg3 69. Rf8 Rf3 70. Rg8 Kc4 71. e4
fxe4 72. Rxg4 Kd4 73. Rh4 Rc3 74. Kd2 Rg3 75. c3+ Ke5 76. c4 Kd4 77. c5 Rg2+
78. Ke1 Kd3 79. Kf1 Rc2 80. Rh5 Rc1+ 81. Kg2 e3 82. Rd5+ Ke4 83. Rd8 e2 84.
Re8+ Kd3 85. Rd8+ Kc4 0-1

[Event "77 España ch 2012"]
[Site "Maspalomas ESP"]
[Date "2012.09.30"]
[Round "2.2"]
[White "Perez Candelario, Manuel"]
[Black "Nicolas Zapata, Irene"]
[Result "1-0"]
[WhiteElo "2575"]
[BlackElo "2193"]
[PlyCount "101"]
[EventDate "2012.09.29"]
[EventType "swiss"]
[EventRounds "9"]
[EventCountry "ESP"]
[Source "lmi"]
[SourceDate "2012.09.29"]

1. e4 c5 2. Nf3 d6 3. d4 cxd4 4. Nxd4 Nf6 5. Nc3 g6 6. Be3 Bg7 7. f3 O-O 8. Qd2
Nc6 9. Bc4 Nxd4 10. Bxd4 Be6 11. Bxe6 fxe6 12. O-O-O Qa5 13. Kb1 Rac8 14. Rhe1
Rc4 15. Qe2 Rfc8 16. e5 dxe5 17. Qxe5 Qxe5 18. Bxe5 Kf7 19. Re2 a6 20. Bxf6
Bxf6 21. Ne4 R8c7 22. c3 b5 23. a3 a5 24. Ka2 Ra7 25. Kb3 Rc6 26. Rd8 Rb7 27.
Red2 a4+ 28. Kc2 b4 29. axb4 Rxb4 30. Ra8 h6 31. Rdd8 Bg7 32. Rd7 Bf8 33. Rda7
Rb5 34. Rxa4 Rcb6 35. b4 Rc6 36. R4a6 Rc7 37. R8a7 Rxa7 38. Rxa7 Rb8 39. Rd7
Bg7 40. Kb3 Ke8 41. Rd1 Be5 42. h3 g5 43. Nc5 Rb6 44. Re1 Bd6 45. Nxe6 Kd7 46.
Nd4 Rb8 47. Ra1 Rb7 48. Ra8 h5 49. Ra5 Bf4 50. Rd5+ Ke8 51. Ne6 1-0

[Event "77 España ch 2012"]
[Site "Maspalomas ESP"]
[Date "2012.09.30"]
[Round "2.3"]
[White "Zamarbide Inarrea, Daniel"]
[Black "Arizmendi Martinez, Julen Luis"]
[Result "0-1"]
[WhiteElo "2192"]
[BlackElo "2560"]
[PlyCount "52"]
[EventDate "2012.09.29"]
[EventType "swiss"]
[EventRounds "9"]
[EventCountry "ESP"]
[Source "lmi"]
[SourceDate "2012.09.29"]

1. c4 e6 2. g3 d5 3. Bg2 Nf6 4. Nf3 Be7 5. O-O O-O 6. d4 c6 7. Nc3 Nbd7 8. cxd5
exd5 9. Ne1 Re8 10. Nd3 Qb6 11. e3 Qc7 12. a4 a5 13. b3 b6 14. Ba3 Bxa3 15.
Rxa3 Ba6 16. Re1 Rad8 17. Ra1 Qd6 18. Bf1 Ne4 19. Qc2 h5 20. f3 Ng5 21. Qd1 c5
22. Nf4 cxd4 23. Bxa6 dxc3 24. h4 Nh3+ 25. Kh2 Nxf4 26. gxf4 Nc5 0-1

[Event "77 España ch 2012"]
[Site "Maspalomas ESP"]
[Date "2012.09.30"]
[Round "2.4"]
[White "Anton Guijarro, David"]
[Black "Ramos Aguilar, Jose Manuel"]
[Result "1-0"]
[WhiteElo "2546"]
[BlackElo "2183"]
[PlyCount "75"]
[EventDate "2012.09.29"]
[EventType "swiss"]
[EventRounds "9"]
[EventCountry "ESP"]
[Source "lmi"]
[SourceDate "2012.09.29"]

1. d4 Nf6 2. Nf3 g6 3. Bg5 Bg7 4. Nbd2 c5 5. e3 O-O 6. Bd3 d5 7. c3 Nbd7 8. O-O
b6 9. a4 Bb7 10. a5 Ne4 11. Bh4 f6 12. Bb5 Nd6 13. a6 Nxb5 14. axb7 Rb8 15. Qb3
Nd6 16. Qxd5+ Rf7 17. Rxa7 Rxb7 18. Rxb7 Qa8 19. Qxf7+ Kxf7 20. Rxd7 Ke8 21.
Rxd6 exd6 22. Bg3 Bf8 23. h4 Qa4 24. Ne4 Be7 25. Nxd6+ Kd7 26. Ne4 h6 27. Ned2
g5 28. hxg5 hxg5 29. Rc1 Qa2 30. Rb1 Qa6 31. dxc5 bxc5 32. b4 g4 33. b5 Qb7 34.
Nh4 Bd8 35. c4 Ba5 36. Nb3 Bb4 37. Rd1+ Ke8 38. Nf5 1-0

[Event "77 España ch 2012"]
[Site "Maspalomas ESP"]
[Date "2012.09.30"]
[Round "2.5"]
[White "Cuenca Jimenez, Francisco Javier"]
[Black "Alonso Rosell, Alvar"]
[Result "0-1"]
[WhiteElo "2177"]
[BlackElo "2528"]
[PlyCount "22"]
[EventDate "2012.09.29"]
[EventType "swiss"]
[EventRounds "9"]
[EventCountry "ESP"]
[Source "lmi"]
[SourceDate "2012.09.29"]

1. c4 c6 2. Nf3 d5 3. b3 Bg4 4. Ne5 Bf5 5. g4 Be6 6. e3 Nd7 7. Bb2 Ngf6 8. Be2
h5 9. gxh5 Bf5 10. cxd5 Nxe5 11. Bxe5 Qxd5 0-1